[Event "Feffernitz op 24th"]
[Site "Feffernitz"]
[Date "2015.08.16"]
[Round "1"]
[White "Schaefers, Serge"]
[Black "Arbinger, Roland"]
[Result "0-1"]
[WhiteElo "1758"]
[BlackElo "2065"]
[PlyCount "66"]
[EventDate "2015.08.16"]
[EventType "swiss"]
[EventRounds "9"]
[EventCountry "AUT"]
[SourceTitle "EXT 2016"]
[Source "ChessBase"]
[SourceDate "2015.10.08"]
[SourceVersion "1"]
[SourceVersionDate "2015.10.08"]
[SourceQuality "1"]

1. d4 d5 2. Nf3 Nf6 3. e3 c6 4. c4 e6 5. Nc3 Nbd7 6. cxd5 exd5 7. Bd3 Bd6 8. Bd2 0-0 9. Qc2 Re8 10. h3 Qe7 11. 0-0-0 Ne4 12. Bxe4 dxe4 13. Nh2 Nf6 14. g4 b5 15. Rdf1 b4 16. Ne2 Ba6 17. Kd1 Bd3 18. Qb3 a5 19. Ke1 a4 20. Qd1 Qe6 21. Qa1 Qc4 22. Nc1 Bxf1 23. Nxf1 c5 24. Ne2 cxd4 25. Nxd4 Be5 26. Ne2 a3 27. Nd4 Bxd4 28. exd4 axb2 29. Qxb2 Rxa2 30. Qc1 Qxd4 31. Ke2 Rd8 32. Qb1 Rxd2+ 33. Nxd2 Qxd2+ 0-1

[Event "Rheinland Pfalz op 4th"]
[Site "Altenkirchen"]
[Date "2012.06.08"]
[Round "4"]
[White "Schaefers, Serge"]
[Black "Baumann, Bettina"]
[Result "1/2-1/2"]
[WhiteElo "1782"]
[BlackElo "1445"]
[PlyCount "42"]
[EventDate "2012.06.07"]
[EventType "swiss"]
[EventRounds "7"]
[EventCountry "GER"]
[SourceTitle "CBM 148 Extra"]
[Source "ChessBase"]
[SourceDate "2012.06.22"]
[SourceVersion "1"]
[SourceVersionDate "2012.06.22"]
[SourceQuality "1"]

1. e4 c5 2. f4 Nc6 3. Nf3 d6 4. Be2 Nf6 5. Nc3 e6 6. 0-0 Be7 7. Kh1 0-0 8. d4 cxd4 9. Nxd4 Nxd4 10. Qxd4 b6 11. Qf2 Bb7 12. Bf3 Qc7 13. Be3 Bc6 14. Qg3 Qb7 15. e5 Ne4 16. Nxe4 Bxe4 17. exd6 Bxd6 18. Bd4 f6 19. Rae1 Bxf3 20. Qxf3 Qxf3 21. Rxf3 Rad8 1/2-1/2

[Event "Leverkusen Bayer op 10th"]
[Site "Leverkusen"]
[Date "2012.03.21"]
[Round "6"]
[White "Hoffmann, Frank"]
[Black "Schaefers, Serge"]
[Result "1/2-1/2"]
[WhiteElo "1726"]
[BlackElo "1522"]
[PlyCount "77"]
[EventDate "2012.01.11"]
[EventType "swiss"]
[EventRounds "7"]
[EventCountry "GER"]
[SourceTitle "EXT 2014"]
[Source "ChessBase"]
[SourceDate "2013.11.20"]
[SourceVersion "1"]
[SourceVersionDate "2013.11.20"]
[SourceQuality "1"]

1. e4 c5 2. Nc3 g6 3. Nf3 Bg7 4. d4 cxd4 5. Nxd4 d6 6. Be3 Bd7 7. Be2 Nc6 8. 0-0 Nf6 9. Qd2 h5 10. f3 Ne5 11. Rfd1 a6 12. Rac1 Rc8 13. Nb3 Nc4 14. Bxc4 Rxc4 15. Qd3 b5 16. Nd2 Rc8 17. Bd4 0-0 18. f4 b4 19. Ncb1 Bb5 20. Qf3 Qd7 21. h3 Nh7 22. Bxg7 Kxg7 23. c4 Bc6 24. Qe3 Qe6 25. Re1 Qf6 26. e5 dxe5 27. Qxe5 e6 28. b3 Rfd8 29. Ne4 Qxe5 30. fxe5 Bxe4 31. Rxe4 Rd3 32. Kf2 Rcd8 33. c5 a5 34. c6 Rc8 35. Rec4 Rd5 36. Rc5 f6 37. Rxd5 exd5 38. e6 Kf8 39. Rc5 1/2-1/2